Свадебный бунт | [Тишегладский хутор | Засекинский дом (Запись № 6265381)

Подробности
000 -МАРКЕР
контрольное поле 01400nam0a22003131 4500
001 - ИДЕНТИФИКАТОР ЗАПИСИ
контрольное поле v19\rc\1884079
005 - ИДЕНТИФИКАТОР ВЕРСИИ
контрольное поле 20260405071920.0
035 ## - ДРУГИЕ СИСТЕМНЫЕ НОМЕРА
Идентификатор записи (NLR Aleph) 004988981
100 ## - ДАННЫЕ ОБЩЕЙ ОБРАБОТКИ
Данные общей обработки 20080221d1910 |||y0rusy50 ca
101 0# - ЯЗЫК РЕСУРСА
Язык текста, звукозаписи и т.д. русский
102 ## - СТРАНА ПУБЛИКАЦИИ ИЛИ ПРОИЗВОДСТВА
Страна публикации Российская Федерация
105 ## - ПОЛЕ КОДИРОВАННЫХ ДАННЫХ: ТЕКСТОВЫЕ МАТЕРИАЛЫ, МОНОГРАФИЧЕСКИЕ
Кодированные данные о монографическом текстовом документе y z |||a|
200 1# - ЗАГЛАВИЕ И СВЕДЕНИЯ ОБ ОТВЕТСТВЕННОСТИ
Основное заглавие Свадебный бунт
Сведения, относящиеся к заглавию [1705 г.]
-- Ист. роман
Основное заглавие [Тишегладский хутор
Сведения, относящиеся к заглавию Рассказ
Основное заглавие Засекинский дом
Сведения, относящиеся к заглавию Рассказ-хроника. [1613-1892]
Первые сведения об ответственности Гр. Салиас
210 ## - ПУБЛИКАЦИЯ, РАСПРОСТРАНЕНИЕ И ДР.
Место издания, распространения и т.д. Москва
Имя издателя, распространителя и т. д. А.А. Петрович
Дата издания, распространения и т.д. 1910
215 ## - ФИЗИЧЕСКАЯ ХАРАКТЕРИСТИКА
Специфическое обозначение материала и объем 286 с.
Размеры 22
225 1# - СЕРИЯ
Основное заглавие серии Собрание сочинений
300 ## - ОБЩИЕ ПРИМЕЧАНИЯ
Текст примечания На обл.: гр. Е.А. Салиас
300 ## - ОБЩИЕ ПРИМЕЧАНИЯ
Текст примечания Изд. вышло в 3 вып.
311 ## - ПРИМЕЧАНИЯ, ОТНОСЯЩИЕСЯ К ПОЛЯМ СВЯЗИ (ПРИМЕЧАНИЯ О СВЯЗИ С ДРУГИМИ ПРОИЗВЕДЕНИЯМИ (ИЗДАНИЯМИ))
Текст примечания Беспл. прил. к журн. "Родная речь". 1910 г. Кн. 6-8
422 #0 - ИЗДАНИЕ, К КОТОРОМУ ОТНОСИТСЯ ПРИЛОЖЕНИЕ
Встроенное поле 2001#$aРодная речь$v1910, кн. 6-8
Заглавие Родная речь
540 1# - ДОПОЛНИТЕЛЬНОЕ ЗАГЛАВИЕ, ПРИМЕНЯЕМОЕ КАТАЛОГИЗАТОРОМ
Заглавие Тишегладский хутор
700 #1 - ИМЯ ЛИЦА - ПЕРВИЧНАЯ ОТВЕТСТВЕННОСТЬ
Материалы, к которым относится поле rus
Графика поля Кириллица
Начальный элемент ввода Салиас-де-Турнемир
Часть имени, кроме начального элемента ввода Е. А.
Даты 1840-1908
Расширение инициалов личного имени Евгений Андреевич
Идентификатор авторитетной/нормативной записи RU\NLR\auth\7718544
Системный номер авторитетной/нормативной записи 1621
790 #1 - ИМЯ ЛИЦА - АЛЬТЕРНАТИВНАЯ ФОРМА
Материалы, к которым относится поле rus
Графика поля Кириллица
Начальный элемент ввода Салиас-де-Турнемир
Часть имени, кроме начального элемента ввода Е. А.
Даты 1840-1908
Расширение инициалов личного имени Евгений Андреевич
Идентификатор авторитетной/нормативной записи RU\NLR\AUTH\7718544
Системный номер авторитетной/нормативной записи 1621
801 #0 - ИСТОЧНИК ЗАПИСИ
Страна Российская Федерация
Организация NLR
Правила каталогизации psbo
801 #1 - ИСТОЧНИК ЗАПИСИ
Страна Российская Федерация
Организация ProSoft-M
Источник данных rusmarc
852 ## - МЕСТОНАХОЖДЕНИЕ И ШИФР ХРАНЕНИЯ
Идентификатор организации NLR
Шифр хранения (Call Number) 45/433
942 ## - ДОПОЛНИТЕЛЬНЫЕ ЭЛЕМЕНТЫ ЗАПИСИ (АБИС)
Тип экземпляра АБИС Книга
980 ## - КОЛЛЕКЦИЯ
Название коллекции Национальная библиография
Экземпляры
Тип экземпляра Дата поступления Библиотека постоянного хранения Библиотека текущего хранения Место хранения Шифр хранения Штрих-код Статус экземпляра
Книга 26.10.2013 РНБ (Садовая) РНБ (Садовая) Русский книжный фонд -Главное здание, Ленинский читальный зал 45/433 4988981-10